Römische Städte - Sudden Death - Statistiken

Allgemein
  • Dieses Quiz wurde 5.735 mal gespielt
    5.731 seit der letzten Aktualisierung
  • Das Durchschnittsergebnis liegt bei 13 aus 21
Answers on the Grid
Answers color-coded by a green-red scale on the quiz's grid according to % correct below.
Alexandria
Amman
Ankara
Athen
Belgrad
Berlin
Budapest
Chicago
Köln
Kopenhagen
Damaskus
Delhi
Dubai
Dublin
Istanbul
Jerusalem
Lissabon
London
Lyon
Marseille
Mailand
Mogadischu
Moskau
Paris
Riad
Sevilla
Teheran
Timbuktu
Tunis
Wien
York
Zürich
 
Antwortstatistiken
Antwort % Korrekt
Alexandria
85%
Athen
76%
Mailand
75%
Köln
71%
Marseille
66%
Paris
66%
Wien
66%
Istanbul
64%
Lyon
64%
Jerusalem
61%
Ankara
60%
Tunis
60%
Zürich
60%
Sevilla
59%
London
56%
Damaskus
55%
Lissabon
55%
Budapest
53%
Belgrad
51%
Amman
37%
York
30%
Keine übereinstimmenden Quizze gefunden
Verteilung der Resultate
Anzahl Personen mit jedem Resultat
Perzentil nach korrekt beantworteten Fragen
Ihre Resultats-Entwicklung
Sie haben dieses Quiz seit der letzten Aktualisierung nicht gespielt